| 000 | 01340nam a2200361 i 4500 | ||
|---|---|---|---|
| 003 | CO-BoRNBP | ||
| 005 | 20220317000340.0 | ||
| 007 | ta | ||
| 008 | 141031r20122019ck 0 sjr 0 s j spa d | ||
| 020 | _a9789588773186 | ||
| 040 |
_aCO-BoRNBP _bspa _erda _cCO-BoRNBP |
||
| 041 | 0 | _aspa | |
| 043 | _as-ag--- | ||
| 084 | _aC BOR2 | ||
| 100 | 1 |
_aBorges, Jorge Luis _d1899-1986 _ecompilador |
|
| 245 | 1 | 0 |
_aAntología de la literatura fantástica _ccompiladores Jorge Luis Borges, Adolfo Bioy Casares y Silvina Ocampo |
| 250 | _aPrimera edición | ||
| 250 |
_aSéptima edición _bSéptima reimpresión |
||
| 264 | 1 |
_aBogotá, Colombia _aBuenos Aires, Argentina _bDebolsillo _c2011 _c2012 _c2019 |
|
| 300 |
_a407 páginas _c21 cm |
||
| 336 |
_atexto _btxt _2rdacontent |
||
| 337 |
_asin mediación _bn _2rdamedia |
||
| 338 |
_avolumen _bnc _2rdacarrier |
||
| 490 | 0 | _aContemporánea | |
| 521 | _aRecomendado para público adulto | ||
| 650 | 1 | 7 |
_aCuentos juveniles argentinos _ySiglo XX _vAntologías _2LEMB |
| 650 | 1 | 7 |
_aLiteratura juvenil argentina _vAntologías _ySiglo XX _2LEMB |
| 650 | 1 | 7 |
_aFantasía _vCuentos _vAntologías _2LEMB |
| 650 | 1 | 7 |
_aLo sobrenatural _vCuentos _vAntologías _2LEMB |
| 700 | 1 |
_aOcampo, Silvina _d1903-1993 _ecompiladora _917277 |
|
| 700 | 1 |
_aBioy Casares, Adolfo _d1914-1999 _ecompilador _9201059 |
|
| 942 |
_2loc _cBKLIT |
||
| 999 |
_c3800 _d3800 |
||